000 00587nam a2200217Ia 4500
003 OSt
005 20240621124301.0
008 230616s9999 xx 000 0 und d
020 _a9780367633752
040 _csd
082 _a428.2 BUR
100 _a Burton-Roberts, Noel
245 0 _aAnalyzing sentences: an introduction to English syntax
250 _a5th
260 _aNew York:
_bRoutledge Taylor & Francis Group,
_c2022
300 _b270p.
_fOriginal
520 _aInclude Index
600 _a400 Language
650 _aHumanities and Natural sciences
942 _cBK
_2ddc
999 _c17719
_d17719